Подробности
| 000 -МАРКЕР |
| контрольное поле |
01873nam0a2200325 4500 |
| 001 - ИДЕНТИФИКАТОР ЗАПИСИ |
| контрольное поле |
RU\NLR\BIBL_A\011487143 |
| 005 - ИДЕНТИФИКАТОР ВЕРСИИ |
| контрольное поле |
20260407073425.0 |
| 035 ## - ДРУГИЕ СИСТЕМНЫЕ НОМЕРА |
| Идентификатор записи |
(NLR Aleph) 011487143 |
| 100 ## - ДАННЫЕ ОБЩЕЙ ОБРАБОТКИ |
| Данные общей обработки |
20171003d1964 |||y0rusy50 ca |
| 101 0# - ЯЗЫК РЕСУРСА |
| Язык текста, звукозаписи и т.д. |
русский |
| 102 ## - СТРАНА ПУБЛИКАЦИИ ИЛИ ПРОИЗВОДСТВА |
| Страна публикации |
российская федерация |
| 105 ## - ПОЛЕ КОДИРОВАННЫХ ДАННЫХ: ТЕКСТОВЫЕ МАТЕРИАЛЫ, МОНОГРАФИЧЕСКИЕ |
| Кодированные данные о монографическом текстовом документе |
ac z 001zd |
| 200 1# - ЗАГЛАВИЕ И СВЕДЕНИЯ ОБ ОТВЕТСТВЕННОСТИ |
| Основное заглавие |
Живопись XIV- XVI веков |
| Сведения, относящиеся к заглавию |
[альбом] |
| Первые сведения об ответственности |
Государственный Эрмитаж |
| Последующие сведения об ответственности |
[составители: С. Н. Всеволожская и др. |
| -- |
редакторы [и авторы вступительных статей]: М. И. Артамонов и В. ф. Левинсон-Лессинг |
| 210 ## - ПУБЛИКАЦИЯ, РАСПРОСТРАНЕНИЕ И ДР. |
| Место издания, распространения и т.д. |
Ленинград |
| -- |
Прага |
| Имя издателя, распространителя и т. д. |
Советский художник |
| -- |
Артия |
| Дата издания, распространения и т.д. |
1964 |
| 215 ## - ФИЗИЧЕСКАЯ ХАРАКТЕРИСТИКА |
| Специфическое обозначение материала и объем |
XXXIX, [3] c., 90 л. ил.. цв. ил. |
| Размеры |
32 |
| 320 ## - ПРИМЕЧАНИЯ О НАЛИЧИИ В ДОКУМЕНТЕ БИБЛИОГРАФИИ / УКАЗАТЕЛЯ |
| Текст примечания |
Библиогр. в тексте |
| 601 02 - НАИМЕНОВАНИЕ ОРГАНИЗАЦИИ КАК ПРЕДМЕТ |
| Начальный элемент ввода |
Государственный Эрмитаж |
| Идентифицирующий признак |
Санкт-Петербург, город |
| Формальный подзаголовок |
Альбомы |
| Тематический подзаголовок |
Коллекция живописи |
| Системный номер авторитетной/нормативной записи |
2367713 |
| Идентификатор авторитетной/нормативной записи |
RU\NLR\AUTH\661413429 |
| 606 1# - НАИМЕНОВАНИЕ ТЕМЫ КАК ПРЕДМЕТ |
| Наименование темы |
Живопись |
| Формальный подзаголовок |
Альбомы |
| Географический подзаголовок |
Европа Западная |
| Хронологический подзаголовок |
14 - 16 вв. |
| Системный номер авторитетной/нормативной записи |
2575466 |
| Идентификатор авторитетной/нормативной записи |
RU\NLR\AUTH\661522808 |
| 686 1# - ИНДЕКСЫ ДРУГИХ КЛАССИФИКАЦИЙ |
| Индекс |
Щ143(0)43я61 |
| 686 1# - ИНДЕКСЫ ДРУГИХ КЛАССИФИКАЦИЙ |
| Индекс |
Щ101.3(2Р)-2Санкт-Петербург2Эрмитаж я61 |
| 702 #1 - ИМЯ ЛИЦА - ВТОРИЧНАЯ ОТВЕТСТВЕННОСТЬ |
| Код отношения |
Редактор |
| Графика поля |
Кириллица |
| Материалы, к которым относится поле |
rus |
| Начальный элемент ввода |
Артамонов |
| Часть имени, кроме начального элемента ввода |
М. И. |
| Даты |
1898-1972 |
| Расширение инициалов личного имени |
Михаил Илларионович |
| Системный номер авторитетной/нормативной записи |
218384 |
| Идентификатор авторитетной/нормативной записи |
RU\NLR\AUTH\770218440 |
| 702 #1 - ИМЯ ЛИЦА - ВТОРИЧНАЯ ОТВЕТСТВЕННОСТЬ |
| Код отношения |
Составитель |
| Графика поля |
Кириллица |
| Материалы, к которым относится поле |
rus |
| Начальный элемент ввода |
Всеволожская |
| Часть имени, кроме начального элемента ввода |
С. Н. |
| Даты |
1930-2007 |
| Расширение инициалов личного имени |
Светлана Николаевна |
| Идентификатор авторитетной/нормативной записи |
RU\NLR\AUTH\770281120 |
| Системный номер авторитетной/нормативной записи |
2653087 |
| 711 02 - НАИМЕНОВАНИЕ ОРГАНИЗАЦИИ - АЛЬТЕРНАТИВНАЯ ОТВЕТСТВЕННОСТЬ |
| Начальный элемент ввода |
Эрмитаж |
| Идентифицирующий признак |
Ленинград |
| Идентификатор авторитетной/нормативной записи |
RU\NLR\AUTH\883314 |
| Системный номер авторитетной/нормативной записи |
277858 |
| 942 ## - ДОПОЛНИТЕЛЬНЫЕ ЭЛЕМЕНТЫ ЗАПИСИ (АБИС) |
| Тип экземпляра АБИС |
Книга |
| 980 ## - КОЛЛЕКЦИЯ |
| Название коллекции |
Национальная библиография |